Central Library OPAC University of Rajshahi

Catalytic Hydrogenation and Reduction / (Record no. 49165)

MARC details
000 -LEADER
fixed length control field 00634nam a22002177a 4500
001 - CONTROL NUMBER
control field 49165
003 - CONTROL NUMBER IDENTIFIER
rucl marc code BD-RjUL
005 - DATE AND TIME OF LATEST TRANSACTION
control field 20211209054637.0
008 - FIXED-LENGTH DATA ELEMENTS--GENERAL INFORMATION
fixed length control field 160818s1919 enka|||| |||| 001 0 eng d
035 ## - SYSTEM CONTROL NUMBER
System control number (BD-RjUL)49284
040 ## - CATALOGING SOURCE
Original cataloging agency BD-RjUL
Language of cataloging eng
Transcribing agency BD-RjUL
Modifying agency BD-RjUL
041 ## - LANGUAGE CODE
Language code of text/sound track or separate title eng
082 ## - DEWEY DECIMAL CLASSIFICATION NUMBER
Edition number 23
Classification number 541.3
Author mark and year MAC 1919
100 ## - MAIN ENTRY--PERSONAL NAME
Personal name Maxted, Edward B.
9 (RLIN) 147811
245 ## - TITLE STATEMENT
Title Catalytic Hydrogenation and Reduction /
Statement of responsibility, etc. Edward B. Maxted
260 ## - PUBLICATION, DISTRIBUTION, ETC. (IMPRINT)
Place of publication, distribution, etc. London :
Name of publisher, distributor, etc. J. & A. Churchill,
Date of publication, distribution, etc. 1919,
300 ## - PHYSICAL DESCRIPTION
Pagination viii, 104 p. :
Illustrations ill ;
Size 20 cm.
500 ## - GENERAL NOTE
General note index
650 ## - SUBJECT ADDED ENTRY--TOPICAL TERM
Topical term or geographic name as entry element Miscellaneous Topics
Form subdivision Physical Chemistry
9 (RLIN) 147812
942 ## - ADDED ENTRY ELEMENTS (KOHA)
Source of classification or shelving scheme Dewey Decimal Classification
Koha item type Books
Holdings
Lost status Source of classification or shelving scheme Damaged status Not for loan Collection code Permanent Location Current Location Shelving location Date acquired Source of acquisition Cost, normal purchase price Total Checkouts Full call number Date last seen Copy number Koha item type
  Dewey Decimal Classification     Non-fiction Central Library, University of Rajshahi Central Library, University of Rajshahi   10/12/1920 Zeithinger 14.80   541.3 MAC 1919 18/08/2016 C-2 Books